00558nam a2200193Ia 4500003000400000005001700004008004100021040000700062041000800069082001700077100002300094245003500117260002000152300000900172650002000181942001300201999001900214952013100233OSt20251204142731.0250729s1978 xx 000 0 und d cAL aeng a808.882 MATR aMathai M O9225620 aReminiscences of the nehru age aNew Delhic1978 a299p aFiction9225621 2ddccBED c237008d237008 00104070aALbALd2025-07-29eManagement Booksg35.00l0o808.882 MATRpBED02327r2025-07-29 16:55:18v35.00w2025-07-29yBK